America begins again: The conquest of waste in our natural resources

Sparad:
Bibliografiska uppgifter
Huvudupphovsman: Katherine Glover
Materialtyp: Bok
Språk:Undetermined
Publicerad: New York McGraw-Hill 1939
Ämnen:
Taggar: Lägg till en tagg
Inga taggar, Lägg till första taggen!
Thư viện lưu trữ: Trung tâm Học liệu Trường Đại học Cần Thơ
LEADER 00566nam a2200181Ia 4500
001 CTU_40835
008 210402s9999 xx 000 0 und d
082 |a 330.973 
082 |b G566 
100 |a Katherine Glover 
245 0 |a America begins again: The conquest of waste in our natural resources 
245 0 |c Katherine Glover 
260 |a New York 
260 |b McGraw-Hill 
260 |c 1939 
650 |a united states - economic conditions,united states - social aspects 
904 |i Minh, 010412 
980 |a Trung tâm Học liệu Trường Đại học Cần Thơ